|
|
|
|
| LEADER |
00000nab a2200000 ar4500 |
| 001 |
vtls009481423 |
| 003 |
SK-MaSNL |
| 005 |
20260303101245.0 |
| 008 |
090309c2009 xo wr|p|||||||000 b|slo |
| 015 |
|
|
|a SNBRBL2009/04
|2 snkbucl
|
| 038 |
|
|
|a SNKBUCL
|
| 040 |
|
|
|a SNKBUCL
|b slo
|c SNKBUCL
|e AACR2
|
| 041 |
0 |
|
|a slo
|
| 044 |
|
|
|a xo
|c SK
|
| 080 |
|
|
|a 352:061.25
|x (437.6)
|2 2001
|
| 080 |
|
|
|a 061.3
|2 2001
|
| 080 |
|
|
|a 328.1(437.6)
|2 2001
|
| 080 |
|
|
|a 061.25
|2 2001
|
| 100 |
1 |
|
|a Krútky, Peter,
|d 1948-2015
|4 aut
|9 6679
|
| 245 |
1 |
0 |
|a Spoločná reč vlády a samosprávy
|b cieľom je stlmiť dopady finančnej a hospodárskej krízy na život obyvateľov
|c Peter Krútky
|
| 610 |
2 |
7 |
|a Združenie miest a obcí Slovenska
|2 snkbucl
|9 30200
|
| 610 |
1 |
7 |
|a Slovensko.
|b Vláda
|2 snkbucl
|9 14235
|
| 648 |
|
7 |
|a 2009
|2 snkbucl
|9 320114
|
| 650 |
0 |
7 |
|a zasadanie
|2 snkbucl
|9 280253
|
| 773 |
0 |
|
|t Verejná správa
|g Roč. 64, č. 5 (2009), s. 22
|
| 852 |
|
|
|a SNK
|b KIS3GCP
|
| 999 |
|
|
|c 1837708
|d 1839638
|